Les Acronymes de Jeux Vidéo - Statistiques

Statistiques générales
  • Ce quiz a été pris 402 fois
  • Le résultat moyen est 14 sur 33
Statistiques - réponses
Hint Réponse % Correct
LOL League of Legend
89%
COD Call of Duty
87%
WOW World of Warcraft
80%
CSGO Counter Strike Global Offensive
74%
GTAV Grand Theft Auto
73%
FF7 Final Fantasy
71%
AC Assassin's Creed
70%
CP2077 Cyberpunk
65%
RDR2 Red Dead Redemption
64%
BOTW Breath of the Wild
63%
BF Battlefield
59%
FNAF Five Night at Freddy's
56%
GOW God of War
54%
MC Minecraft
53%
TLOU The Last of Us
45%
RE Resident Evil
42%
ACNH Animal Crossing New Horizon
39%
MK Mario Kart
39%
AOE Age of Empire
37%
NFS Need For Speed
37%
TF2 Team Fortress
37%
MGS Metal Gear Solid
33%
PUBG Player Unknown Battleground
30%
PVZ Plants vs Zombies
27%
DMC Devil May Cry
22%
MHW Monster Hunter World
16%
KOTOR Knight of The Old Republic
15%
TABS Totally Accurate Battle Simulator
15%
TES The Elder Scrolls
14%
FTL Faster Than Light
10%
KSP Kerbal Space Program
10%
SOTTR Shadow of The Tomb Raider
4%
AFATE As Far as The Eye
3%
Aucun quiz correspondant
Distribution des résultats
% des personnes avec chaque résultat
Percentile par nombre de réponses
Votre historique - résultats
Vous n’avez pas pris ce quiz